| 000 | 01139cam a22003377a 4500 | ||
|---|---|---|---|
| 003 | CHAP | ||
| 005 | 20221025121153.0 | ||
| 008 | 971013s r 00010 d | ||
| 010 | _a73409 | ||
| 011 | _a74381 | ||
| 035 | _a83940 | ||
| 040 | _cCHAP | ||
| 090 | _aTesis | ||
| 100 | 0 | 0 |
_aCarvajal Chávez, Leopoldo. _919677 |
| 245 | 0 |
_aPlaneación de un aprovechamiento combinado de resina y madera en bosques de coníferas _b: sujeto a normas comunes de persistencia / _cpor Leopoldo Carvajal Chávez |
|
| 260 |
_aChapingo, Méx. : _bEl autor, _c1968 |
||
| 300 |
_a45 h. _b: apénd. ; ilus. ; gráfs. |
||
| 502 | _aTesis (Ing. Agr. Esp. en Bosques) -- ENA. Departamento de Bosques | ||
| 590 |
_aALEPH _b10 _c20130110 |
||
| 590 |
_aBATCH-UPD _b10 _c20130110 |
||
| 590 |
_aBATCH-UPD _b10 _c20130410 |
||
| 590 |
_aBATCH-UPD _b10 _c20130914 |
||
| 590 |
_aCONVERSION _b10 _c20130109 |
||
| 650 | 1 | 4 | _aConíferas. |
| 650 | 1 | 4 |
_aGomas y resinas. _948606 |
| 650 | 1 | 4 |
_aMadera _xPropiedades y usos. _969621 |
| 901 | _aBK | ||
| 942 |
_cFOLL _2ddc |
||
| 949 |
_bBC _cTES _d-38954 _eTS1 _i83940 _si |
||
| 949 |
_bBC _cTES _d-38955 _eTS2 _fc.2 _i83940 _si |
||
| 999 |
_c73409 _d73409 |
||